000 00602nam a22002057a 4500
999 _c3516
_d3516
003 OSt
005 20220209162959.0
008 160413b xxu||||| |||| 00| 0 eng d
020 _a032131154x
040 _c040a
082 _a337 KRU 2006
100 _aKrugman, Paul R.; Obstfed, Maurice
_97848
245 _aInternational Economics :
_btheory and practice
250 _a7th.ed
260 _aBoston;
_bPearson Education,
_c2006
300 _axxvii, 680p;
_bCol.ill:
_c15 cm
504 _aIncludes bibliographical references and index
650 _aInternational economics
_9975
942 _2ddc
_cSLOAN